Homenaje de la Diputación a las Fuerzas Armadas
Publicado:
San Jorge, núm. 101 - 102 (setembre 1977), pàg 95 :
MARC
| LEADER | 00000nam a2200000Ia 4500 | ||
|---|---|---|---|
| 003 | Arxiu | ||
| 005 | 20260324175954.0 | ||
| 008 | 160829s9999 xx 000 0 cat d | ||
| 110 | 1 | |9 56097 |a Barcelona (Catalunya : Província). |b President (1973-1977 : Samaranch) | |
| 245 | |a Homenaje de la Diputación a las Fuerzas Armadas | ||
| 260 | |a San Jorge, núm. 101 - 102 (setembre 1977), pàg 95 | ||
| 650 | |a Forces Armades |9 42931 | ||
| 650 | 0 | |a Homenatges |9 21383 | |
| 901 | |a Arxiu | ||
| 942 | |n 1 |2 udc | ||
| 952 | |0 0 |1 0 |4 0 |7 1 |9 51093 |a Arxiu |b Arxiu |d 2016-12-01 |l 0 |r 2016-12-01 00:00:00 |w 2016-12-01 |y ARXIU | ||
| 999 | |c 54936 |d 54936 | ||